10 U.S. States With The Most Pigs - Statistics

General Stats
  • This quiz has been taken 48 times
  • The average score is 6 of 9
Answer Stats
# of Pigs U.S. State % Correct
5,400 Illinois
83%
24,600 Iowa
81%
2,100 Kansas
79%
3,800 Nebraska
79%
2,800 Ohio
74%
4,150 Indiana
67%
2,260 Oklahoma
67%
9,300 Minnesota
55%
9,200 North Carolina
36%
No matching quizzes found
Score Distribution
Percent of People with Each Score
Percentile by Number Answered
Your Score History
You have not taken this quiz